Jablko a tí druhí

Desať TOP značiek sveta v roku 2013. Technologická firma Apple - najhodnotnejšia značka sveta za r. 2013. Na druhom a treťom mieste sú Microsoft a Coca Cola. Hodnoty značiek a tržby.

Gespeichert in:
Bibliographische Detailangaben
1. Verfasser: Badenhausen, Kurt
Format: Buchkapitel
Sprache:Slowakisch
Schlagworte:
Tags: Tag hinzufügen
Keine Tags, Fügen Sie das erste Tag hinzu!

MARC

LEADER 00000naa a2200000 4500
001 0191943
005 20231013091131.0
041 0 |a slo 
044 |a SK 
245 1 0 |a Jablko a tí druhí  |c Kurt Badenhausen 
520 |a Desať TOP značiek sveta v roku 2013. Technologická firma Apple - najhodnotnejšia značka sveta za r. 2013. Na druhom a treťom mieste sú Microsoft a Coca Cola. Hodnoty značiek a tržby. 
610 2 0 |a značky 
610 2 0 |a firmy 
610 2 0 |a hodnota 
610 2 0 |a tržby 
100 1 |a Badenhausen, Kurt